1892 1778 1160 1605 1734 1049 1724 1037 1834 1998 1126 1120 1759 1917 1359 1081 1078 1481 1179 1278 1368 1074 1469 1263 1077 1468 1102 1527 1418 1065 1985 1028 1005 1301 1595 1097 1908 1055 1284 1680 1579 1566 1736 1542 1536 1931 1754 1584 1468 1944 1465 1027 1212 1750 1400 1858 1577 1660 1516 1466 1810 1573 1355 1322 1041 1888 1305 1880 1997 1013 1058 1376 1295 1948 1239 1864 1810 1613 1593 1990 1200 1141 1792 1023 1649 1186 1909 1343 1600 1014 1704 1888 1314 1680 1436 1541 1546 1142 1703 BCNSPRNW ULIB Ver.6.0+V

เปลี่ยนเป็นภาษาไทย

Change to English
 แสดงรายละเอียดบรรณานุกรม
  กลับหน้าหลัก

Brief Record : Get Marc (ISO 2709) : E-mail record : QR code < ปิดหน้าต่าง
LEADER : 00000nam 2200000uu 4500
001    13399128973
003     ULIB
008    241204s2566||||th 000 0 tha d
020    ^a9786165788717
060 04 ^aWI400^bก136ข
100 0  ^aกมลพร สกุลพงศ์
245 10 ^aขอให้คุณรอดจากมะเร็ง /^cกมลพร สกุลพงศ์
250    ^aพิมพ์ครั้งที่ 1
260    ^aกรุงเทพฯ :^bเพชรประกาย,^c2566
300    ^a175 หน้า :^bภาพประกอบ,ตาราง ;^c21 ซม.
650  4 ^aมะเร็ง^xการป้องกันและรักษา
650  4 ^aมะเร็ง^xแง่โภชนาการ
650  4 ^aลำไส้^xการดูแล
650  4 ^aลำใส้^xเนื้องอก
650  4 ^aลำไส้, โรค
945    ^p185^l0^i011201
999    ^aประนอม เกษจรัล
รายการนี้ยังไม่มีแท็ก
คุณยังไม่ได้ล็อกอิน คุณสามารถมีกิจกรรมร่วมกับเว็บไซต์ได้ แต่ต้องล็อกอินก่อน ::
  ล็อกอิน

รายการสื่อสารสนเทศ

ลำดับที่ ประเภท เลขเรียก/บาร์โค้ด สถานที่ สถานะ
1. วิทยาศาสตร์การแพทย์ และสุขภาพ
วิทยาศาสตร์การแพทย์ และสุขภาพ
WI400 ก136ข ฉ.1 
  Barcode: 011201
ห้องสมุดวิทยาเขตสวรรค์ประชารักษ์
►หนังสือทั่วไป
บนชั้น

รายการใกล้เคียง
    หัวเรื่อง [ลำไส้, โรค]

BibComment


ยังไม่เคยถูกคอมเมนท์

คอมเมนท์ทรัพยากรรายการนี้
  คอมเมนท์: ขอให้คุณรอดจากมะ..


 Copyright 2026. Bcnsprnw @Library